| 000 | 00618nam a22001937a 4500 | ||
|---|---|---|---|
| 999 |
_c16994 _d16994 |
||
| 003 | AR-CdUCM | ||
| 008 | 190507b ||||| |||| 00| 0 spa d | ||
| 040 |
_aMUNICIPALIDAD PROVINCIAL DEL CUSCO _cBIBLIOTECA MUNICIPAL DEL CUSCO |
||
| 082 |
_a818.5 / _bSE36 |
||
| 100 |
_aSegal, Erich. _936793 |
||
| 245 | _aOlivers Story / | ||
| 260 |
_aBuenos Aires : _bEmecé, _c1977. |
||
| 300 |
_a259 páginas ; _c20 cm. |
||
| 440 |
_aGrandes novelistas, la novela actual en el mundo. _936794 |
||
| 650 |
_aNovela. _95 |
||
| 700 |
_aLópez Muñoz, José Luis (traductor) _914106 |
||
| 942 |
_2ddc _cLIBROS |
||
| 945 |
_arum _d2019-05-07 |
||